<?xml version="1.0" encoding="UTF-8"?>
<record
    xmlns:xsi="http://www.w3.org/2001/XMLSchema-instance"
    xsi:schemaLocation="http://www.loc.gov/MARC21/slim http://www.loc.gov/standards/marcxml/schema/MARC21slim.xsd"
    xmlns="http://www.loc.gov/MARC21/slim">

  <leader>00363nam a22001577a 4500</leader>
  <controlfield tag="003">OSt</controlfield>
  <controlfield tag="005">20240321114058.0</controlfield>
  <controlfield tag="008">220615b        xxu||||| |||| 00| 0 eng d</controlfield>
  <datafield tag="020" ind1=" " ind2=" ">
    <subfield code="a"> 9781259028991 </subfield>
  </datafield>
  <datafield tag="040" ind1=" " ind2=" ">
    <subfield code="c">IIMT UNIVERSITY, MEERUT</subfield>
  </datafield>
  <datafield tag="100" ind1=" " ind2=" ">
    <subfield code="a">DUGGAL,S.K.</subfield>
  </datafield>
  <datafield tag="245" ind1=" " ind2=" ">
    <subfield code="a">SURVEYING VOL -I</subfield>
  </datafield>
  <datafield tag="260" ind1=" " ind2=" ">
    <subfield code="a">DELHI</subfield>
    <subfield code="b">TMH</subfield>
    <subfield code="c">2010</subfield>
  </datafield>
  <datafield tag="300" ind1=" " ind2=" ">
    <subfield code="a">612</subfield>
  </datafield>
  <datafield tag="942" ind1=" " ind2=" ">
    <subfield code="2">ddc</subfield>
    <subfield code="c">02</subfield>
  </datafield>
  <datafield tag="999" ind1=" " ind2=" ">
    <subfield code="c">52288</subfield>
    <subfield code="d">52288</subfield>
  </datafield>
  <datafield tag="952" ind1=" " ind2=" ">
    <subfield code="0">0</subfield>
    <subfield code="1">0</subfield>
    <subfield code="2">ddc</subfield>
    <subfield code="4">0</subfield>
    <subfield code="7">0</subfield>
    <subfield code="a">01</subfield>
    <subfield code="b">01</subfield>
    <subfield code="d">2022-06-15</subfield>
    <subfield code="e">TRANSFER FROM ARCHITECTURE LIBRARY</subfield>
    <subfield code="p">01-B-136137</subfield>
    <subfield code="r">2022-06-15</subfield>
    <subfield code="u">CIVIL ENGENERING</subfield>
    <subfield code="w">2022-06-15</subfield>
    <subfield code="y">06</subfield>
  </datafield>
  <datafield tag="952" ind1=" " ind2=" ">
    <subfield code="0">0</subfield>
    <subfield code="1">0</subfield>
    <subfield code="2">ddc</subfield>
    <subfield code="4">0</subfield>
    <subfield code="7">0</subfield>
    <subfield code="a">01</subfield>
    <subfield code="b">01</subfield>
    <subfield code="d">2022-06-15</subfield>
    <subfield code="e">TRANSFER FROM ARCHITECTURE LIBRARY</subfield>
    <subfield code="l">1</subfield>
    <subfield code="p">01-B-136138</subfield>
    <subfield code="r">2023-02-09</subfield>
    <subfield code="s">2022-12-23</subfield>
    <subfield code="u">CIVIL ENGENERING</subfield>
    <subfield code="w">2022-06-15</subfield>
    <subfield code="y">02</subfield>
  </datafield>
  <datafield tag="952" ind1=" " ind2=" ">
    <subfield code="0">0</subfield>
    <subfield code="1">0</subfield>
    <subfield code="2">ddc</subfield>
    <subfield code="4">0</subfield>
    <subfield code="7">0</subfield>
    <subfield code="a">01</subfield>
    <subfield code="b">01</subfield>
    <subfield code="d">2022-06-15</subfield>
    <subfield code="e">TRANSFER FROM ARCHITECTURE LIBRARY</subfield>
    <subfield code="p">01-B-136139</subfield>
    <subfield code="r">2022-06-15</subfield>
    <subfield code="u">CIVIL ENGENERING</subfield>
    <subfield code="w">2022-06-15</subfield>
    <subfield code="y">02</subfield>
  </datafield>
  <datafield tag="952" ind1=" " ind2=" ">
    <subfield code="0">0</subfield>
    <subfield code="1">0</subfield>
    <subfield code="2">ddc</subfield>
    <subfield code="4">0</subfield>
    <subfield code="7">0</subfield>
    <subfield code="a">01</subfield>
    <subfield code="b">01</subfield>
    <subfield code="d">2022-06-15</subfield>
    <subfield code="e">TRANSFER FROM ARCHITECTURE LIBRARY</subfield>
    <subfield code="l">1</subfield>
    <subfield code="p">01-B-136140</subfield>
    <subfield code="r">2023-01-30</subfield>
    <subfield code="s">2022-10-01</subfield>
    <subfield code="u">CIVIL ENGENERING</subfield>
    <subfield code="w">2022-06-15</subfield>
    <subfield code="y">02</subfield>
  </datafield>
  <datafield tag="952" ind1=" " ind2=" ">
    <subfield code="0">0</subfield>
    <subfield code="1">0</subfield>
    <subfield code="2">ddc</subfield>
    <subfield code="4">0</subfield>
    <subfield code="7">0</subfield>
    <subfield code="a">01</subfield>
    <subfield code="b">01</subfield>
    <subfield code="d">2022-06-15</subfield>
    <subfield code="e">TRANSFER FROM ARCHITECTURE LIBRARY</subfield>
    <subfield code="l">1</subfield>
    <subfield code="p">01-B-136141</subfield>
    <subfield code="r">2023-01-30</subfield>
    <subfield code="s">2022-10-01</subfield>
    <subfield code="u">CIVIL ENGENERING</subfield>
    <subfield code="w">2022-06-15</subfield>
    <subfield code="y">02</subfield>
  </datafield>
  <datafield tag="952" ind1=" " ind2=" ">
    <subfield code="0">0</subfield>
    <subfield code="1">0</subfield>
    <subfield code="2">ddc</subfield>
    <subfield code="4">0</subfield>
    <subfield code="7">0</subfield>
    <subfield code="a">01</subfield>
    <subfield code="b">01</subfield>
    <subfield code="d">2022-06-15</subfield>
    <subfield code="e">TRANSFER FROM ARCHITECTURE LIBRARY</subfield>
    <subfield code="p">01-B-136142</subfield>
    <subfield code="r">2022-06-15</subfield>
    <subfield code="u">CIVIL ENGENERING</subfield>
    <subfield code="w">2022-06-15</subfield>
    <subfield code="y">02</subfield>
  </datafield>
  <datafield tag="952" ind1=" " ind2=" ">
    <subfield code="0">0</subfield>
    <subfield code="1">0</subfield>
    <subfield code="2">ddc</subfield>
    <subfield code="4">0</subfield>
    <subfield code="7">0</subfield>
    <subfield code="a">01</subfield>
    <subfield code="b">01</subfield>
    <subfield code="d">2022-06-15</subfield>
    <subfield code="e">TRANSFER FROM ARCHITECTURE LIBRARY</subfield>
    <subfield code="p">01-B-136143</subfield>
    <subfield code="r">2022-06-15</subfield>
    <subfield code="u">CIVIL ENGENERING</subfield>
    <subfield code="w">2022-06-15</subfield>
    <subfield code="y">02</subfield>
  </datafield>
  <datafield tag="952" ind1=" " ind2=" ">
    <subfield code="0">0</subfield>
    <subfield code="1">0</subfield>
    <subfield code="2">ddc</subfield>
    <subfield code="4">0</subfield>
    <subfield code="7">0</subfield>
    <subfield code="a">01</subfield>
    <subfield code="b">01</subfield>
    <subfield code="d">2022-06-15</subfield>
    <subfield code="e">TRANSFER FROM ARCHITECTURE LIBRARY</subfield>
    <subfield code="p">01-B-136144</subfield>
    <subfield code="r">2022-06-15</subfield>
    <subfield code="u">CIVIL ENGENERING</subfield>
    <subfield code="w">2022-06-15</subfield>
    <subfield code="y">02</subfield>
  </datafield>
  <datafield tag="952" ind1=" " ind2=" ">
    <subfield code="0">0</subfield>
    <subfield code="1">0</subfield>
    <subfield code="2">ddc</subfield>
    <subfield code="4">0</subfield>
    <subfield code="7">0</subfield>
    <subfield code="a">01</subfield>
    <subfield code="b">01</subfield>
    <subfield code="d">2022-06-15</subfield>
    <subfield code="e">TRANSFER FROM ARCHITECTURE LIBRARY</subfield>
    <subfield code="l">1</subfield>
    <subfield code="p">01-B-136145</subfield>
    <subfield code="r">2023-01-31</subfield>
    <subfield code="s">2022-10-12</subfield>
    <subfield code="u">CIVIL ENGENERING</subfield>
    <subfield code="w">2022-06-15</subfield>
    <subfield code="y">02</subfield>
  </datafield>
  <datafield tag="952" ind1=" " ind2=" ">
    <subfield code="0">0</subfield>
    <subfield code="1">0</subfield>
    <subfield code="2">ddc</subfield>
    <subfield code="4">0</subfield>
    <subfield code="7">0</subfield>
    <subfield code="a">01</subfield>
    <subfield code="b">01</subfield>
    <subfield code="d">2022-06-15</subfield>
    <subfield code="e">TRANSFER FROM ARCHITECTURE LIBRARY</subfield>
    <subfield code="p">01-B-136146</subfield>
    <subfield code="r">2022-06-15</subfield>
    <subfield code="u">CIVIL ENGENERING</subfield>
    <subfield code="w">2022-06-15</subfield>
    <subfield code="y">02</subfield>
  </datafield>
  <datafield tag="952" ind1=" " ind2=" ">
    <subfield code="0">0</subfield>
    <subfield code="1">0</subfield>
    <subfield code="2">ddc</subfield>
    <subfield code="4">0</subfield>
    <subfield code="7">0</subfield>
    <subfield code="a">01</subfield>
    <subfield code="b">01</subfield>
    <subfield code="d">2022-06-15</subfield>
    <subfield code="e">TRANSFER FROM ARCHITECTURE LIBRARY</subfield>
    <subfield code="l">1</subfield>
    <subfield code="p">01-B-136147</subfield>
    <subfield code="r">2025-02-21</subfield>
    <subfield code="s">2024-11-11</subfield>
    <subfield code="u">CIVIL ENGENERING</subfield>
    <subfield code="w">2022-06-15</subfield>
    <subfield code="y">02</subfield>
  </datafield>
  <datafield tag="952" ind1=" " ind2=" ">
    <subfield code="0">0</subfield>
    <subfield code="1">0</subfield>
    <subfield code="2">ddc</subfield>
    <subfield code="4">0</subfield>
    <subfield code="7">0</subfield>
    <subfield code="a">01</subfield>
    <subfield code="b">01</subfield>
    <subfield code="d">2022-06-15</subfield>
    <subfield code="e">TRANSFER FROM ARCHITECTURE LIBRARY</subfield>
    <subfield code="l">3</subfield>
    <subfield code="p">01-B-136148</subfield>
    <subfield code="r">2026-02-02</subfield>
    <subfield code="s">2025-10-15</subfield>
    <subfield code="u">CIVIL ENGENERING</subfield>
    <subfield code="w">2022-06-15</subfield>
    <subfield code="y">02</subfield>
  </datafield>
  <datafield tag="952" ind1=" " ind2=" ">
    <subfield code="0">0</subfield>
    <subfield code="1">0</subfield>
    <subfield code="2">ddc</subfield>
    <subfield code="4">0</subfield>
    <subfield code="7">0</subfield>
    <subfield code="a">01</subfield>
    <subfield code="b">01</subfield>
    <subfield code="d">2022-06-15</subfield>
    <subfield code="e">TRANSFER FROM ARCHITECTURE LIBRARY</subfield>
    <subfield code="l">2</subfield>
    <subfield code="p">01-B-136149</subfield>
    <subfield code="r">2025-02-20</subfield>
    <subfield code="s">2024-09-17</subfield>
    <subfield code="u">CIVIL ENGENERING</subfield>
    <subfield code="w">2022-06-15</subfield>
    <subfield code="y">02</subfield>
  </datafield>
  <datafield tag="952" ind1=" " ind2=" ">
    <subfield code="0">0</subfield>
    <subfield code="1">0</subfield>
    <subfield code="2">ddc</subfield>
    <subfield code="4">0</subfield>
    <subfield code="7">0</subfield>
    <subfield code="a">01</subfield>
    <subfield code="b">01</subfield>
    <subfield code="d">2022-06-15</subfield>
    <subfield code="e">TRANSFER FROM ARCHITECTURE LIBRARY</subfield>
    <subfield code="l">1</subfield>
    <subfield code="p">01-B-136150</subfield>
    <subfield code="q">2023-03-15</subfield>
    <subfield code="r">2022-12-27</subfield>
    <subfield code="s">2022-12-27</subfield>
    <subfield code="u">CIVIL ENGENERING</subfield>
    <subfield code="w">2022-06-15</subfield>
    <subfield code="y">02</subfield>
  </datafield>
</record>
